000 00792nam a2200253Ia 4500
003 OSt
005 20220926004601.0
006 a|||||r|||| 00| 0
007 ta
008 220923b |||||||| |||| 00| 0 eng d
037 _cGeneral Book
040 _aRTL
_cRTL
_beng
041 _2eng
_aeng
082 _aX:72.1(X).N8, M7
100 _aPanchamukhi V. R.
_926751
245 0 _aSavings investment and trade in the third world
260 _a New Delhi
_bRISNODC India
_c1987
300 _axv,223p
_ccm.
490 _aResearch and information system for the non-aligned and other developing countries
500 _aAppendix P 213-23
650 _aMacroeconomics
_9186166
942 _hX:72.1(X).N8, M7
_cGB
_2CC
999 _c611674
_d611674